000 00308nam a22001097a 4500
008 230704b xxu||||| |||| 00| 0 eng d
082 _a362.1
_bUNA 1999
245 _aChildren Orphaned by AIDS
_bFront-Line Responses from EAstern and Southern Africa
260 _bUNICEF
_c1999
300 _a36p
942 _2ddc
_cBK
999 _c3880
_d3880